EXMIBAL en Guatemala: De república bananera a república minera /

Sparad:
Bibliografiska uppgifter
Institutionell upphovsman: Latin American Working Group
Materialtyp: Text
Taggar: Lägg till en tagg
Inga taggar, Lägg till första taggen!

MARC

LEADER 00000 a a2200000 04500
001 45371
003
040
090 |a REV0780 (8)1979  
110 |a Latin American Working Group  
245 |a EXMIBAL en Guatemala:   |b De república bananera a república minera /  |c Latin American Working Group  
773 |g número8, II Epoca, (Julio - Diciembre, 1979), páginas 51-90  
999 |c 32994  |d 32994